| 000 | 00767nam a2200205 4500 | ||
|---|---|---|---|
| 001 | 108622 | ||
| 003 | ES-MaACL | ||
| 007 | t| | ||
| 008 | 061121s1942 sp r ||||1| spa d | ||
| 100 | 1 |
_aMonreal y Tejada, Luis. _982276 |
|
| 245 | 1 | 3 |
_aLa catedral de Vich _b: su historia, su arte y su reconstrucción. Las pinturas murales de José María Sert / _cLuis Monreal y Tejada; prólogo de Pedro Muguruza Otaño. |
| 250 | _a1ª. ed. | ||
| 260 |
_aMadrid : _bEdiciones Selectas, _c1942. |
||
| 300 |
_a98 p., 31 lám ; _c26 cm. |
||
| 490 | 1 | _aBiblioteca de arte hispánico. Catedrales | |
| 700 | 1 |
_aMuguruza Otaño, Pedro. _984080 |
|
| 830 | 0 | 0 |
_aBiblioteca de arte hispánico _9184553 |
| 852 |
_aES-MaACL _jB-9998 _bR.21536 |
||
| 999 |
_c108622 _d108622 |
||